Exporting Partners Trading with the Most Countries - Statistics

General Stats
  • This quiz has been taken 449 times
  • The average score is 14 of 16
Answer Stats
# Countries Country % Correct
35 Australia, South Korea, 33 others China
99%
37 Canada, Mexico, 35 others United States
99%
7 Germany, Spain, 5 others France
97%
22 France, United Kingdom, 20 others Germany
97%
9 Indonesia, Phillipines, 7 others Japan
96%
6 Bhutan, Nepal, 4 others India
94%
8 Egypt, Serbia, 6 others Italy
94%
4 Botswana, Norway, 2 others United Kingdom
94%
3 Argentina, Bolivia, Uruguay Brazil
92%
6 Armenia, Ukraine, 4 others Russia
91%
3 Andorra, Cape Verde, Portugal Spain
91%
4 Guinea, Kuwait, 2 others South Korea
90%
3 New Zealand, PNG, Samoa Australia
85%
5 Iceland, Russia, 3 others Netherlands
74%
4 Ghana, Namibia, 2 others South Africa
71%
4 Burma, Vanuatu, 2 others Thailand
58%
No matching quizzes found
Score Distribution
Percent of People with Each Score
Percentile by Number Answered
Your Score History
You have not taken this quiz